000 00489nam a2200181Ia 4500
005 20250508154519.0
008 008 250505s9999 xx 000 0 eng d
037 _aTextual
040 _aFEDL
_beng
_cFEDL
041 _aeng
_2eng
084 _a378.54, AIY
_qFEDL
100 _aAiyar C P Ramaswami
_9765552
245 0 _aIndian Universities : Retrospects and prospects
260 _c1964
300 _a306p.
942 _cTEXL
_h378.54, AIY
999 _c1350695
_d1350695